| 000 | 02415cam a2200721 4500 | ||
|---|---|---|---|
| 008 | 000000n2001 000 0 eng u | ||
| 020 | _a0421826002 | ||
| 035 | _a(Sirsi) u111224 | ||
| 041 | _aeng | ||
| 050 |
_a346.41032 _c18 |
||
| 245 | _aJackson and Powell on professional negligence | ||
| 250 | _a5th ed. | ||
| 260 |
_aLondon _bSweet and Maxwell _c2001 |
||
| 300 | _aclxxvii, 1320p. $2 5cm. | ||
| 350 | _a225 | ||
| 490 | _aSweet and Maxwell Common Law Library | ||
| 505 | _aThe nature of professions | ||
| 505 | _aDuties and obligations | ||
| 505 | _aRemedies | ||
| 505 | _aContribution between defendants | ||
| 505 | _aDefences | ||
| 505 | _aLitigation | ||
| 505 | _aConstruction professionals | ||
| 505 | _aSurveyors | ||
| 505 | _aSolicitors | ||
| 505 | _aBarristers | ||
| 505 | _aMedical practitioners | ||
| 505 | _aFinancial practitioners | ||
| 505 | _aInsurance brokers | ||
| 505 | _aAccountants and auditors | ||
| 505 | _aMembers and managing agents at Lloyd's | ||
| 505 | _aInformation technology professionals | ||
| 505 | _aPatent agents and trade mark attorneys | ||
| 520 | _aThis classic text on professional negligence considers the duties of construction professionals and surveyors, liability for breaches of those duties and possible damages that can be awarded as a result. Case law. | ||
| 650 | _aACCOUNTANTS | ||
| 650 | _aARCHITECTS | ||
| 650 | _aENGINEERS | ||
| 650 | _aINSURANCE BROKERS | ||
| 650 | _aMEDICAL PRACTITIONERS | ||
| 650 | _aNEGLIGENCE | ||
| 650 | _aPROFESSIONAL NEGLIGENCE | ||
| 650 | _aQUANTITY SURVEYORS | ||
| 650 | _aSOLICITORS | ||
| 650 | _aSURVEYORS | ||
| 690 | _aLAW | ||
| 700 |
_aPowell, John L. _xGeneral Editor |
||
| 700 |
_aStewart, Roger _xGeneral Editor |
||
| 700 |
_aCannon, Mark _xEditor |
||
| 700 |
_aElkington, Ben _xEditor |
||
| 700 |
_aEvans, Hugh L. _xEditor |
||
| 700 |
_aGibson, Christopher _xEditor |
||
| 700 |
_aHalpern, David _xEditor |
||
| 700 |
_aMcPherson, Graeme _xEditor |
||
| 700 |
_aMulcahy, Leigh-Ann _xEditor |
||
| 700 |
_aSinclair, Fiona _xEditor |
||
| 700 |
_aSutherland, Paul _xEditor |
||
| 700 |
_aAllen, Scott _xAssistant Editor |
||
| 700 |
_aChapman, Graham _xAssistant Editor |
||
| 700 |
_aMirchandani, Sian _xAssistant Editor |
||
| 700 |
_aSavage, Amanda _xAssistant Editor |
||
| 700 |
_aJackson, Rupert Matthew _cSir _d1948- _xConsultant Editor |
||
| 942 | _n0 | ||
| 999 |
_c101213 _d101213 |
||